000 00517cam a2200145 4500500
005 20251012005057.0
041 _afre
042 _adc
100 1 0 _aPlusquellec, Florent
_eauthor
245 0 0 _aJohann Chapoutot, Christian Ingrao y Nicolas Patin, Le monde nazi 1919-1945., Tallandier, 2024, 640 páginas, 27,50 €.
260 _c2025.
500 _a40
786 0 _nÉtudes | Mai | 5 | 2025-04-24 | p. 132-132
856 4 1 _uhttps://shs.cairn.info/revista-etudes-2025-5-page-132?lang=es&redirect-ssocas=7080
999 _c1516530
_d1516530